|
|
|
|
| LEADER |
00000nam0a2200000 4500 |
| 001 |
95750 |
| 005 |
20231031110250.0 |
| 010 |
|
|
|a 5941577273
|b 3000 экз.
|
| 021 |
|
|
|a RU
|b 05-79561
|9 05-3927
|
| 035 |
|
|
|a (RuTPU)RU\TPU\book\102513
|
| 090 |
|
|
|a 95750
|
| 100 |
|
|
|a 20060503d2006 m y0rusy5002 ca
|
| 101 |
0 |
|
|a rus
|
| 102 |
|
|
|a RU
|
| 105 |
|
|
|a a j 001zy
|
| 200 |
1 |
|
|a Visual Basic 2005
|e самоучитель
|f Д. А. Шевякова, А. М. Степанов, А. Г. Карпов
|g под ред. А. Ф. Тихонов
|
| 210 |
|
|
|a СПб.
|c БХВ-Петербург
|d 2006
|
| 215 |
|
|
|a 552 с.
|c ил.
|
| 225 |
1 |
|
|a Самоучитель
|
| 320 |
|
|
|a Предметный указатель: с. 543-552.
|
| 330 |
|
|
|a Доступно и подробно описан Visual Basic 2005. Рассмотрены стандартные элементы для разработки пользовательского интерфейса, а также применение в проектах таймеров, ползунков, гиперссылок и других элементов интерфейса. Уделено внимание основным понятиям объектно-ориентированного программирования и классам. Изложены вопросы работы с графикой с использованием интерфейса GDI+, создания справочной системы в формате HTML и собственного установочного компакт-диска. Большое внимание уделяется созданию информационных систем, предназначенных для управления базами данных: проектированию форм для ввода и редактирования данных с использованием компонентов <ADO.NET>, подготовке отчетов с помощью генератора отчетов Crystal Reports. Приведена методика разработки интернет-приложений. Описаны средства отладки приложений и обработки ошибок. Для начинающих программистов
|
| 610 |
1 |
|
|a программирование
|
| 610 |
1 |
|
|a Visual Basic 2005
|
| 610 |
1 |
|
|a возможности
|
| 610 |
1 |
|
|a использование
|
| 610 |
1 |
|
|a самоучители
|
| 610 |
1 |
|
|a учебные пособия
|
| 675 |
|
|
|a 681.3.06(075.4)
|v 3
|
| 700 |
|
1 |
|a Шевякова
|b Д. А.
|g Дарья А.
|
| 701 |
|
1 |
|a Степанов
|b А. М.
|g Андрей М.
|
| 701 |
|
1 |
|a Карпов
|b А. Г.
|g Андрей Г.
|
| 702 |
|
1 |
|a Тихонов
|b А. Ф.
|4 340
|
| 801 |
|
0 |
|a RU
|b RKP
|c 20060203
|g PSBO
|
| 801 |
|
1 |
|a RU
|b 63413507
|c 20060503
|g PSBO
|
| 801 |
|
2 |
|a RU
|b 63413507
|c 20100819
|g PSBO
|
| 942 |
|
|
|c BK
|
| 959 |
|
|
|a 55/20060614
|d 1
|e 0
|f АНЛ:1
|